Sports Quiz

Random Sports or MLB Quiz

MLB Most Saves (Season) Quiz Stats

 Plays Quiz Updated Dec 23, 2018

Support Sporcle.
Go Orange.
Score 0/41 Timer 05:00
2 Plays Today
Year Pitcher % Correct
2004Mariano Rivera
90%
2001Mariano Rivera
90%
2008Francisco Rodriguez
83.2%
2006Francisco Rodriguez
83.2%
1998Trevor Hoffman
75.2%
2003Eric Gagne
69.5%
2002Eric Gagne
69.5%
1992Dennis Eckersley
54.7%
1990Dennis Eckersley
54.7%
2014Craig Kimbrel
48.7%
2002John Smoltz
47.7%
1991Lee Smith
47.7%
2013Craig Kimbrel
47.6%
2018Edwin Diaz
38.9%
1990Bobby Thigpen
38.8%
2012Jim Johnson
34.3%
2013Jim Johnson
34.3%
2016Kenley Jansen
32.5%
2014Fernando Rodney
28.3%
2012Fernando Rodney
28.1%
2016Zach Britton
24.5%
Year Pitcher % Correct
2004Francisco Cordero
23.5%
2005Chad Cordero
23.4%
2011Jose Valverde
22.7%
2015Mark Melancon
21.9%
2016Mark Melancon
21.5%
2004Jason Isringhausen
21.3%
2016Jeurys Familia
20.5%
1998Rod Beck
19.8%
1993Rod Beck
19.8%
2007Jose Valverde
19.3%
2013Greg Holland
16.4%
1993Randy Myers
15.7%
2004Armando Benitez
14.5%
2015Trevor Rosenthal
13.4%
2009Joe Nathan
13%
2010Heath Bell
12.9%
2010Brian Wilson
11.8%
2017Alex Colome
8.2%
1998Jeff Shaw
4.4%
2009Brian Fuentes
4%

From the Vault

2 Minute Blitz: Top 50 US Cities

by quizer500

This is a typing challenge more than anything.
Remove Ads.
Support Sporcle.
Get the best of Sporcle when you Go Orange. This ad-free experience offers more features, more stats, and more fun while also helping to support Sporcle. Thank you for becoming a member.

Show Comments

Extras

Top Quizzes Today


Score Distribution

Your Account Isn't Verified!

In order to create a playlist on Sporcle, you need to verify the email address you used during registration. Go to your Sporcle Settings to finish the process.

Report this User

Report this user for behavior that violates our Community Guidelines.

Details: